La educación financiera en América Latina y el Caribe : (Registro nro. 3799)
[ vista simple ]
| 000 -LEADER | |
|---|---|
| fixed length control field | 02400nam a2200313Ia 4500 |
| 003 - CONTROL NUMBER IDENTIFIER | |
| control field | OSt |
| 005 - DATE AND TIME OF LATEST TRANSACTION | |
| control field | 20220622143526.0 |
| 008 - FIXED-LENGTH DATA ELEMENTS--GENERAL INFORMATION | |
| fixed length control field | 191128t2013 ck ad fr 000 0 spa d |
| 020 ## - INTERNATIONAL STANDARD BOOK NUMBER | |
| International Standard Book Number | 9789806810679 |
| 040 ## - CATALOGING SOURCE | |
| Original cataloging agency | CO-JMCR |
| Transcribing agency | CO-JMCR |
| 041 0# - LANGUAGE CODE | |
| Language code of text/sound track or separate title | spa |
| 082 04 - DEWEY DECIMAL CLASSIFICATION NUMBER | |
| Classification number | 334.07 / |
| Item number | B213e |
| Edition number | 23 |
| 100 1# - MAIN ENTRY--PERSONAL NAME | |
| Personal name | García, Nidia, |
| Relator term | autora |
| 9 (RLIN) | 13081 |
| 245 13 - TITLE STATEMENT | |
| Title | La educación financiera en América Latina y el Caribe : |
| Remainder of title | situación actual y perspectivas / |
| Statement of responsibility, etc. | Nidia García, Andrea Grifoni, Juan Carlos López y [1 más] |
| 260 ## - PUBLICATION, DISTRIBUTION, ETC. | |
| Place of publication, distribution, etc. | [Bogotá] : |
| Name of publisher, distributor, etc. | Banco de Desarrollo de América Latina, |
| Date of publication, distribution, etc. | ©2013 |
| 300 ## - PHYSICAL DESCRIPTION | |
| Extent | 90 Páginas : |
| Other physical details | gráficas ; |
| Dimensions | 27 cm. |
| 490 0# - SERIES STATEMENT | |
| Series statement | Políticas públicas y transformación productiva ; |
| Volume/sequential designation | 12 |
| 500 ## - GENERAL NOTE | |
| General note | Incluye notas a pie de página. |
| 504 ## - BIBLIOGRAPHY, ETC. NOTE | |
| Bibliography, etc. note | Bibliografía: páginas 85-90 |
| 505 0# - FORMATTED CONTENTS NOTE | |
| Formatted contents note | América Latina y el Caribe: contexto y justificación de las políticas de educación financiera -- Políticas y programas de educación financiera en la región |
| 520 3# - SUMMARY, ETC. | |
| Summary, etc. | Las autoridades públicas de la región han desarrollado programas que se basan en la complementariedad entre al educación financiera, y la inclusión y el desarrollo del capital social. Un ejemplo reciente de esta dinámica es la inclusión de la educación financiera en los programas de transferencias monetarias condicionadas. La encuesta regional analizada en este documento ha permitido identificar prácticas innovadoras y ejemplos relevantes de la cooperación interinstitucional, así como la existencia de algunas estrategias nacionales orientadas a la promoción de la educación financiera, las cuales han contado con un importante apoyo político. Sin embargo, la investigación concluye que las necesidades en materia de educación financiera de la población no son iguales para todos los países de la región, por lo cual es necesario un mayor esfuerzo en términos de medición. Esto, junto con una evaluación de impacto más completa de los programas existentes, ayudaría a diseñar e implementar programas de educación financiera más eficaces y a generar resultados medibles. |
| 546 ## - LANGUAGE NOTE | |
| Language note | s |
| 650 14 - SUBJECT ADDED ENTRY--TOPICAL TERM | |
| Topical term or geographic name entry element | Políticas públicas |
| Geographic subdivision | América Latina |
| 9 (RLIN) | 6179 |
| 650 14 - SUBJECT ADDED ENTRY--TOPICAL TERM | |
| Topical term or geographic name entry element | Inclusión social |
| Geographic subdivision | América Latina |
| 9 (RLIN) | 6180 |
| 650 14 - SUBJECT ADDED ENTRY--TOPICAL TERM | |
| Topical term or geographic name entry element | Educación |
| Geographic subdivision | América Latina |
| 9 (RLIN) | 6181 |
| 700 1# - ADDED ENTRY--PERSONAL NAME | |
| Personal name | Grifoni, Andrea, |
| Relator term | autora |
| 9 (RLIN) | 13082 |
| 700 1# - ADDED ENTRY--PERSONAL NAME | |
| Personal name | López, Juan Carlos, |
| Relator term | autor |
| 9 (RLIN) | 13083 |
| 942 ## - ADDED ENTRY ELEMENTS (KOHA) | |
| Source of classification or shelving scheme | Dewey Decimal Classification |
| Koha item type | Books |
| Withdrawn status | Lost status | Source of classification or shelving scheme | Damaged status | Not for loan | Collection code | Home library | Current library | Date acquired | Source of acquisition | Cost, normal purchase price | Total Checkouts | Total Renewals | Full call number | Barcode | Date last seen | Date last checked out | Copy number | Koha item type |
|---|---|---|---|---|---|---|---|---|---|---|---|---|---|---|---|---|---|---|
| Dewey Decimal Classification | Non-fiction | Biblioteca Pública José María del Castillo y Rada | Biblioteca Pública José María del Castillo y Rada | 12/15/2017 | Donación | 0.00 | 3 | 6 | 334.07 / B213e | 201808246 | 05/16/2024 | 02/13/2023 | Ej.1 | Books |